La unión del alma y el cuerpo en Malebranche, Biran y Bergson / (Registro nro. 25564)
[ vista simple ]
| 000 -LEADER | |
|---|---|
| fixed length control field | 01789cam a2200397 i 4500 |
| 001 - CONTROL NUMBER | |
| control field | 25564 |
| 003 - CONTROL NUMBER IDENTIFIER | |
| control field | Mx-PuUPA |
| 005 - DATE AND TIME OF LATEST TRANSACTION | |
| control field | 20251009091408.0 |
| 008 - FIXED-LENGTH DATA ELEMENTS--GENERAL INFORMATION | |
| fixed length control field | 140415s2006 sp gr 000 0 spa d |
| 020 ## - INTERNATIONAL STANDARD BOOK NUMBER | |
| International Standard Book Number | 8474908116 |
| 040 ## - CATALOGING SOURCE | |
| Original cataloging agency | Mx-PuUPA |
| Language of cataloging | spa |
| Transcribing agency | Mx-PuUPA |
| Modifying agency | Mx-PuUPA |
| Description conventions | rda |
| 041 1# - LANGUAGE CODE | |
| Language code of text/sound track or separate title | spa |
| Language code of original | fre |
| 100 1# - MAIN ENTRY--PERSONAL NAME | |
| Personal name | Merleau-Ponty, Maurice, |
| Dates associated with a name | 1908-1961 |
| 9 (RLIN) | 3610 |
| Relator term | autor |
| 240 12 - UNIFORM TITLE | |
| Uniform title | L'union de l'âme et du corps chez Malebranche, Biran et Bergson. |
| Language of a work | Español |
| 245 10 - TITLE STATEMENT | |
| Title | La unión del alma y el cuerpo en Malebranche, Biran y Bergson / |
| Statement of responsibility, etc. | apuntes del curso de Maurice Merleau-Ponty ; tomados y redactados por Jean Depruin ; traducción de Jesús Ma. Ayuso Díez |
| 250 ## - EDITION STATEMENT | |
| Edition statement | Segunda edición / |
| Remainder of edition statement | revisada y aumentada con un fragmento inédito |
| 264 #1 - PRODUCTION, PUBLICATION, DISTRIBUTION, MANUFACTURE, AND COPYRIGHT NOTICE | |
| Place of production, publication, distribution, manufacture | Madrid : |
| Name of producer, publisher, distributor, manufacturer | Ediciones Encuentro, |
| Date of production, publication, distribution, manufacture, or copyright notice | ©2006 |
| 300 ## - PHYSICAL DESCRIPTION | |
| Extent | 158 páginas ; |
| Dimensions | 23 cm |
| 336 ## - CONTENT TYPE | |
| Fuente | rdacontent |
| Content type term | texto |
| Content type code | txt |
| 337 ## - MEDIA TYPE | |
| Source | rdamedia |
| Media type term | sin medio |
| Media type code | n |
| 338 ## - CARRIER TYPE | |
| Source | rdacarrier |
| Carrier type term | volumen |
| Carrier type code | nc |
| 490 0# - SERIES STATEMENT | |
| Series statement | Ensayos ; |
| -- | Filosofía ; |
| Volume/sequential designation | 238 |
| 500 ## - GENERAL NOTE | |
| General note | "Apuntes del curso de Maurice Merleau-Ponty en la École Normale Supérieure (1947-1948)".-- En portada. |
| 600 14 - SUBJECT ADDED ENTRY--PERSONAL NAME | |
| Personal name | Malebranche, Nicolás, |
| Dates associated with a name | 1638-1715 |
| 9 (RLIN) | 11732 |
| 600 14 - SUBJECT ADDED ENTRY--PERSONAL NAME | |
| Personal name | Maine de Biran, Pierre, |
| Dates associated with a name | 1766-1824 |
| 9 (RLIN) | 17156 |
| 600 14 - SUBJECT ADDED ENTRY--PERSONAL NAME | |
| Personal name | Berson, Enrique, |
| Dates associated with a name | 1859-1941 |
| 650 #7 - SUBJECT ADDED ENTRY--TOPICAL TERM | |
| Source of heading or term | armarc |
| Topical term or geographic name entry element | Mente y cuerpo |
| 650 #7 - SUBJECT ADDED ENTRY--TOPICAL TERM | |
| Source of heading or term | armarc |
| Topical term or geographic name entry element | Monismo |
| 700 1# - ADDED ENTRY--PERSONAL NAME | |
| Personal name | Ayuso Díez, Jesús Ma, |
| Relator term | traductor |
| 700 1# - ADDED ENTRY--PERSONAL NAME | |
| Personal name | Depruin, Jean, |
| Relator term | redactor |
| 765 0# - ORIGINAL LANGUAGE ENTRY | |
| Main entry heading | Merleau-Ponty, Maurice |
| Title | L'union d'âme et du corps chez Malebranche, Biran et Bergson |
| Place, publisher, and date of publication | Paris : Libraire Philosophique J. Vrin, ©1978, 2002 |
| 942 ## - ADDED ENTRY ELEMENTS (KOHA) | |
| Source of classification or shelving scheme | Dewey Decimal Classification |
| Koha item type | Libro |
| Classification part | 128.2 |
| Item part | M5518 |
| Withdrawn status | Lost status | Source of classification or shelving scheme | Damaged status | Not for loan | Collection code | Home library | Current library | Shelving location | Date acquired | Source of acquisition | Cost, normal purchase price | Total Checkouts | Full call number | Barcode | Date last seen | Cost, replacement price | Price effective from | Koha item type |
|---|---|---|---|---|---|---|---|---|---|---|---|---|---|---|---|---|---|---|
| Dewey Decimal Classification | General | Biblioteca Karol Wojtyla | Biblioteca Karol Wojtyla | Sala general | 03/12/2013 | Donación | 0.00 | 128.2 M5518 2006 | 47584 | 05/01/2026 | 0.00 | 03/12/2013 | Libro |